Capital Flight from Russia /

This paper documents the scale of capital flight from Russia, compares it with that observed in other countries, and reviews policy options. The evidence from other countries suggests that capital flight can be reversed once reforms take hold. The paper argues that capital flight from Russia can onl...

Szczegółowa specyfikacja

Opis bibliograficzny
1. autor: Loungani, Prakash
Kolejni autorzy: Mauro, Paolo
Format: Czasopismo
Język:English
Wydane: Washington, D.C. : International Monetary Fund, 2000.
Seria:IMF Policy Discussion Papers; Policy Discussion Paper ; No. 2000/006
Dostęp online:Full text available on IMF
LEADER 01649cas a2200253 a 4500
001 AALejournalIMF001242
008 230101c9999 xx r poo 0 0eng d
020 |c 5.00 USD 
020 |z 9781451972115 
022 |a 1934-7456 
040 |a BD-DhAAL  |c BD-DhAAL 
100 1 |a Loungani, Prakash. 
245 1 0 |a Capital Flight from Russia /  |c Prakash Loungani, Paolo Mauro. 
264 1 |a Washington, D.C. :  |b International Monetary Fund,  |c 2000. 
300 |a 1 online resource (27 pages) 
490 1 |a IMF Policy Discussion Papers 
500 |a <strong>Off-Campus Access:</strong> No User ID or Password Required 
500 |a <strong>On-Campus Access:</strong> No User ID or Password Required 
506 |a Electronic access restricted to authorized BRAC University faculty, staff and students 
520 3 |a This paper documents the scale of capital flight from Russia, compares it with that observed in other countries, and reviews policy options. The evidence from other countries suggests that capital flight can be reversed once reforms take hold. The paper argues that capital flight from Russia can only be curbed through a medium-term reform strategy aimed at improving governance and macroeconomic performance, and strengthening the banking system. Capital controls result in costly distortions and should gradually be phased out as part of that medium-term strategy. 
538 |a Mode of access: Internet 
700 1 |a Mauro, Paolo. 
830 0 |a IMF Policy Discussion Papers; Policy Discussion Paper ;  |v No. 2000/006 
856 4 0 |z Full text available on IMF  |u http://elibrary.imf.org/view/journals/003/2000/006/003.2000.issue-006-en.xml  |z IMF e-Library